000 00317nam a2200121Ia 4500
008 220204s9999 xx 000 0 und d
082 _a575:631.52
_bPLA.17
245 0 _aPlant breeding reviews. V 17
260 _aNew York
_bJohn Wiley
_c2000
490 _aHybrid rice genetics
700 _aJanick, Jules
942 _cBK
999 _c41711
_d41711